000 00355nam a2200145Ia 4500
008 230312s9999||||xx |||||||||||||| ||und||
020 _a0-07-297313-7
082 _a604.2
_bBER-F
100 _aGatto;Joseph
245 0 _aExploring Visual Desighn
260 _bMcgraw Hill
_aNew York
_c2005
300 _a642
650 _aComputer
_vComputer
942 _cBK
999 _c15561
_d15561